000 004530000a22001450004500
005 20240605100600.0
008 230817t ||||| |||| 00| 0 eng d
082 _a305.42
_bNAT
245 _aNational plan of action for women in Sri Lanka:
_btowards gender equality
260 _aColombo:
_bMinistry of Transport, Environment & Women's Affairs
_c[n.d.]
300 _a88 p.
650 _aWIOMEN-National policies
650 _aWOMEN-Sri Lanka
942 _cBK
999 _c2578
_d2578